Anak yang salih
| Main Author: | |
|---|---|
| Format: | Book |
| Published: |
Singapura :
Pustaka Nasional ,
1990
|
| Subjects: |
MARC
| LEADER | 00000cam a2200000 7i4500 | ||
|---|---|---|---|
| 001 | 0000004522 | ||
| 002 | 000004877 | ||
| 005 | 20000330.0 | ||
| 020 | |a 9971770326 | ||
| 090 | 0 | 0 | |a 297.5 |b UMA |
| 100 | 0 | |a Umar Hasyim | |
| 245 | 1 | 0 | |a Anak yang salih |c Umar Hasyim |
| 260 | |a Singapura : |b Pustaka Nasional , |c 1990 | ||
| 300 | |a 166p. ; |c 21cm. | ||
| 650 | 0 | 0 | |a Islam |x Customs and practices |
| 999 | |a 034604 |b BUKU |c PINJAMAN |e PERPUSTAKAAN KOMUNITI PETALING JAYA | ||
| 999 | |a 034605 |b BUKU |c PINJAMAN |e PERPUSTAKAAN KOMUNITI PETALING JAYA | ||